000 00716nam a2200265 a 4500
001 BRL_941
005 20190320210949.0
008 281013s1973----nz-a######---#000-0#eng-#
020 _a0589000047
041 _aeng
044 _anz
050 4 _aNK9793
_b.M43 1973
100 1 _aMead, Sidney M.
_925387
245 1 0 _aThe art of Maori carving
_cSidney M. Mead.
260 _aWellington
_bA.H. & A. W. Reed
_c1973
300 _a64 p.
_bil.
_c25 cm.
500 _aAu1009
504 _aBibliografía: p. 62
650 1 4 _aTalla en madera Maori
_923374
650 1 4 _aDecoración y ornamentación Maori
_923375
650 1 4 _aArte primitivo
_97001
650 1 4 _aArte Maori
_925388
902 _aGRL
942 _2lcc
_cB
999 _c9753
_d9753